| 000 | 01224aam a2200349 i 4500 | ||
|---|---|---|---|
| 001 | 768714001 | ||
| 003 | CO-MdFUSB | ||
| 005 | 20250821131455.0 | ||
| 007 | ta | ||
| 008 | 250821t2014 ck |||| |||| 00| 0 spa d | ||
| 020 | _a978-958-58452-2-0 | ||
| 040 | _cCO-MdFUSB | ||
| 041 |
_aspa _heng |
||
| 082 | 0 | 4 |
_223 _a248.8421 _bT836c |
| 100 | 1 |
_aTripp, Tedd _eautor |
|
| 240 | _aInstructing a Child's Heart | ||
| 245 | 1 | 0 |
_aCómo instruir el corazón de tu hijo _c/ Tedd Tripp , Margy Tripp ; traducido por Cynthia Verónica Pérez de Canales |
| 264 | 1 |
_bPoiema Publicaciones, _aMedellín, Colombia : _c[2014] |
|
| 264 | 4 | _c©2014 | |
| 300 | _a190 páginas | ||
| 336 |
_atexto _btxt _2rdacontent |
||
| 337 |
_2rdamedia _asin mediación _bn |
||
| 338 |
_2rdacarrier _avolumen _bnc |
||
| 490 | _aEscríbelo en su corazón | ||
| 505 | _aEl llamado a la instrucción formativa. -- Introducción a la instrucción formativa. -- Poniendo en práctica la instrucción formativa. | ||
| 563 | _aRústico | ||
| 650 | 1 | 4 | _aPadres e hijos \ Relaciones familiares |
| 700 |
_aTripp, Margy, _911821 _eautor |
||
| 700 |
_a Pérez de Canales, Cynthia Verónica, _97552 _etraductor |
||
| 942 | _cBK | ||
| 945 | _aJTF-925 | ||
| 999 |
_c46227 _d46227 |
||